Riding and jumping.

Bibliographic Details
Main Author: Steinkraus, William
Format: Book
Language:English
Published: Garden City, N.Y. : Doubleday, [1969]
Edition:New and rev. ed.
Subjects:

MARC

Tag First Indicator Second Indicator Subfields
LEADER 00000cam a2200000 4500
001 in00000132829
005 20151002070209.0
008 691124s1969 nyua b 00000 eng
010 |a  79091104  
035 |a (OCoLC)00034656 
035 |9 AAP8124AM 
037 |c 5.95 
040 |a DLC  |c DLC  |d TXA  |d UtOrBLW 
049 |a TXAM  |c [1136836] 
050 0 0 |a SF295.5  |b .S72 1969 
082 0 |a 798/.2 
100 1 |a Steinkraus, William. 
245 1 0 |a Riding and jumping. 
250 |a New and rev. ed. 
264 1 |a Garden City, N.Y. :  |b Doubleday,  |c [1969] 
300 |a xii, 131 pages :  |b illustrations ;  |c 22 cm. 
336 |a text  |b txt  |2 rdacontent 
337 |a unmediated  |b n  |2 rdamedia 
338 |a volume  |b nc  |2 rdacarrier 
504 |a Bibliography: pages [129]-131. 
650 0 |a Show jumping. 
650 0 |a Horsemanship. 
999 |a MARS 
999 f f |s 1ab33185-0148-31e2-a0ff-63e1a10bea97  |i 9018d1f7-c081-3e04-897e-dba1b1cb86c2  |t 0 
952 f f |p ric  |a Texas A&M University  |b Rellis Campus  |c Joint Library Facility  |d Remote Storage  |t 0  |e SF295.5 .S72 1969  |h Library of Congress classification  |i unmediated -- volume  |m A14805237023 
998 f f |a SF295.5 .S72 1969  |t 0  |l Remote Storage